000 00336nam a2200157Ia 4500
003 OSt
005 20240120124647.0
008 170524s9999 xx 000 0 und d
020 _a0 8177000667
040 _ciimtu
100 _aSingh VP
245 0 _aTheory of machines
260 _bDhanpat Rai
260 _c2008
942 _2ddc
_c02
999 _c5560
_d5560